Statistics for Regions of France Map Quiz

Click here to take the quiz!

General Stats

  • This quiz has been taken 61,869 times
    (40,645 since last reset)
  • The average score is 9 of 13

Answer Stats

Answer % Correct
Corsica
89%
Normandy
88%
Brittany
85%
Provence-Alpes-Côte d'Azur
76%
Île-de-France
74%
Auvergne-Rhône-Alpes
65%
Centre-Val de Loire
64%
Grand Est
61%
Hauts-de-France
54%
Nouvelle Aquitaine
54%
Occitanie
53%
Pays de la Loire
47%
Bourgogne-Franche-Comté
46%

Score Distribution

Percentile by Number Answered

Percent of People with Each Score

Your Score History

You have not taken this quiz since the last reset